000
00269nam a2200109Ia 4500
005
20251222154439.0
008
251222s9999||||xx |||||||||||||| ||spa||
082
_a
641.5/V39
100
_a
"Vega, Luis Antonio De"
245
0
_a
Viaje por la cocina espaƱola
942
_c
LIB
999
_c
36740
_d
36740